000 00738nam a22002297a 4500
999 _c376507
_d376507
001 90192
003 UA-OsUOA
005 20200211141451.0
007 ta
008 20121114b un ||||| |||| 00| 0 ukr d
040 _aUA-OsUOA
_bukr
_cUA-OsUOA
_dUA-OsUOA
041 _aukr
080 _a821.161.2
090 _a821.161.2
_bК67
100 _aКорнійчук О.
245 _aЗібрання творів у п'яти томах: драматичні твори. кіносценарії. незавершені твори 1958 - 1969
_n4
260 _aК.
_bНаукова думка
_c1987
300 _a460 с.
650 7 _a82 Література. Літературознавство
_2UDC
942 _cBK
_2udc
955 _a2